| 000 | 00436nam a2200169Ia 4500 | ||
|---|---|---|---|
| 008 | 230524s9999 xx 000 0 und d | ||
| 020 | _a9788180520907 | ||
| 082 |
_a624.176 _bMUK |
||
| 100 |
_aMadhujit Mukhopadhyay _941496 |
||
| 245 | 0 | _aStructural Dynamics (vibrations & Systems) | |
| 250 | _a1 | ||
| 260 |
_aNew Delhi _bAne Books _c2013 |
||
| 300 | _a"xv,553p;" | ||
| 500 | _aQuantity Number: 1 | ||
| 650 | _aCivil | ||
| 942 | _cBK | ||
| 999 |
_c55764 _d55764 |
||